Dark Fermentative Biohydrogen Production: Bibliometric Trends, Techno-Economic Insights, Emerging Challenges, and Sustainable Pathways

Globálny dopyt po energii prudko vzrástol, čo zintenzívňuje obavy z emisií skleníkových plynov a klimatických zmien. Spaľovanie fosílnych palív zostáva hlavným faktorom zvyšovania hladiny oxidu uhličitého. Preto je nevyhnutný rýchly prechod na čisté zdroje energie. Výroba tmavého fermentačného biovo...

Ausführliche Beschreibung

Gespeichert in:
Bibliographische Detailangaben
1. Verfasser: Snousy, Moustafa Gamal
Weitere Verfasser: Abouelmagd, Ashraf R., Alexakis, Dimitrios E., Helmy, Hassan Mohamed, Moustafa, Yasser M., Negm, Abdelazim, Weiss, Erik, 1979-, Weiss, Roland, 1984-, Ismail, Esam, Sakr, Sayed Mohamed, El Shahawy, Abeer, Saqr, Ahmed M.
Format: Buchkapitel
Sprache:Englisch
Schlagworte:
Tags: Tag hinzufügen
Keine Tags, Fügen Sie das erste Tag hinzu!

MARC

LEADER 00000naa$a2200000$$$4500
001 0313074
005 20251118134553.6
041 0 |a eng 
044 |a GB 
245 1 0 |a Dark Fermentative Biohydrogen Production: Bibliometric Trends, Techno-Economic Insights, Emerging Challenges, and Sustainable Pathways  |c Moustafa Gamal Snousy, Ashraf R. Abouelmagd, Dimitrios E. Alexakis, Hassan Mohamed Helmy, Yasser M. Moustafa, Abdelazim Negm, Erik Weiss, Roland Weiss, Esam Ismail, Sayed Mohamed Sakr, Abeer El Shahawy, Ahmed M. Saqr 
520 |a Globálny dopyt po energii prudko vzrástol, čo zintenzívňuje obavy z emisií skleníkových plynov a klimatických zmien. Spaľovanie fosílnych palív zostáva hlavným faktorom zvyšovania hladiny oxidu uhličitého. Preto je nevyhnutný rýchly prechod na čisté zdroje energie. Výroba tmavého fermentačného biovodíka (DFHP) bola skúmaná ako škálovateľná cesta výroby vodíka (H2) s nízkym obsahom uhlíka , ktorá využíva organický odpad a priemyselné odpadové teplo. Cieľmi štúdie bolo kvantifikovať vývoj výskumu, posúdiť technicko-ekonomickú výkonnosť a navrhnúť cesty udržateľného nasadenia. Bibliometrická analýza bola vykonaná na 435 záznamoch Scopus, ktorá priniesla ročnú mieru rastu 19,6 % a 928 jedinečných kľúčových slov. Okrem toho boli bibliometrické trendy vizualizované pomocou softvéru VOSviewer, Biblioshiny a Graphica. 
610 2 0 |a biometrika 
610 2 0 |a biopalivá 
610 2 0 |a biotechnológia 
610 2 0 |a emisie 
610 2 0 |a zmeny klimatické 
610 2 0 |a udržateľnosť 
100 1 |a Snousy, Moustafa Gamal 
700 1 |a Abouelmagd, Ashraf R. 
700 1 |a Alexakis, Dimitrios E. 
700 1 |a Helmy, Hassan Mohamed 
700 1 |a Moustafa, Yasser M. 
700 1 |a Negm, Abdelazim 
700 1 |a Weiss, Erik, 1979- 
700 1 |a Weiss, Roland, 1984- 
700 1 |a Ismail, Esam 
700 1 |a Sakr, Sayed Mohamed 
700 1 |a El Shahawy, Abeer 
700 1 |a Saqr, Ahmed M.